spécialités culinaire du monde - Statistiques

Statistiques générales
  • Ce quiz a été pris 390 fois
  • Le résultat moyen est 14 sur 16
Statistiques - réponses
Par images Réponse % Correct
lasagne
99%
sushi
99%
paella
98%
pizza
97%
couscous
96%
hamburger
94%
hot dog
92%
choucroute
91%
fish and chips
91%
kebab
91%
cassoulet
82%
chili con carne
78%
ramen
77%
poutine
76%
pates
52%
tzatziki
48%
Aucun quiz correspondant
Distribution des résultats
% des personnes avec chaque résultat
Percentile par nombre de réponses
Votre historique - résultats
Vous n’avez pas pris ce quiz